000 00651nam a2200253Ia 4500
001 20468
005 20240114000518.0
007 ta
008 060222s1913 a g b000 u 465 u
020 _cPB
040 _aCotton College,Assam
041 _a465
082 _a821.09
_bB 539 Ob
100 _aBirrell, Augustine .
245 0 _aObiter Dicta /
_cAugustine Birrell.
_hTextual Documents
250 _a1st ed. /
260 _aLondon :
_bDuckworth & Co ,
_c1913.
300 _a326p. :
_bill ;
_c17cm .
653 _aEnglish Poetry-Criticism
653 _aG-English
942 _2ddc
_cBK
999 _c20450
_d20450